Comparación de los niveles y estructuras de precios de los bienes de demanda final en Centroamérica

Aporta elementos de juicio sobre la metodología utilizada recientemente en el levantamiento de encuestas de precios en Centroamerica a nivel de demanda final explica aspectos metodológicos derivados de la encuesta, realizada simultaneamente en los cinco países centroamericanos, en noviembre de 1973...

Celý popis

Uloženo v:
Podrobná bibliografie
Hlavní autor: Borstcheff, Jorge
Médium: Text
Vydáno: Guatemala: SIECA
Témata:
Tagy: Přidat tag
Žádné tagy, Buďte první, kdo vytvoří štítek k tomuto záznamu!

MARC

LEADER 00000 a a2200000 04500
001 19724
003
040
090 |a 079100  
100 |a Borstcheff, Jorge  
245 |a Comparación de los niveles y estructuras de precios de los bienes de demanda final en Centroamérica  
260 |a Guatemala:   |b SIECA  
300 |a 123 p.  
520 |a Aporta elementos de juicio sobre la metodología utilizada recientemente en el levantamiento de encuestas de precios en Centroamerica a nivel de demanda final explica aspectos metodológicos derivados de la encuesta, realizada simultaneamente en los cinco países centroamericanos, en noviembre de 1973 y describe el procedimiento seguido en la investigación./ALLV  
650 |a PRECIOS  
650 |a BIENES DE CONSUMO  
999 |c 2165  |d 2165